000 00334nam a22001337a 4500
020 _a0986-88-656-0
041 _aENG
100 _aVaidya .V.G
245 _aIntroduction to Agronomy and Soil and Water Management
260 _apune
_bContinental Prakashan
_c1997
300 _a329
650 _aAgricultural
856 _uAgricultural
999 _c286
_d286